00997nam a2200241 i 45000010005000000030009000050050017000140080041000310200018000720800039000900800036001292450151001652500012003162600094003283000038004224900053004605040031005136000045005447000032005897100061006218300051006828520022007335891ES-MaACL20250321174945.0890613s1987 sp aco |||| |bspa d a84-7658-055-X a860 Torrente Ballester,Gonzalo1.06 a929 Torrente Ballester, Gonzalo00aGonzalo Torrente Ballester b: premio de literatura en lengua castellana "Miguel de Cervantes" (1985) / c[Alicia Giménez Bartlett... (et al.)]. a1ª ed. aBarcelona : bAnthropos ; aMadrid : Dirección General del Libro y Bibliotecas, c1987. a109 p. : bfot., retr. ; c20 cm.1 aÁmbitos literarios. aPremios Cervantes ; v11 aBibliografía: p. 81-108.14aTorrente Ballester, Gonzalo, d1910-19991 aGiménez Bartlett, Alicia.1 aEspaña. bDirección General del Libro y Bibliotecas.00aÁmbitos literarios.pPremios Cervantes ;v11 aES-MaACLjL-13026